=LDR 00000nam 2200000 4500 =001 INLIS000000000020392 =005 20200910103139 =035 ##$$a 0010-061300000020392 =008 200910################g##########0#ind## =041 ##$$a Ind =082 ##$$a 2x0.000 7 =090 ##$$a 2x0.000 7, Nat m =100 ##$$a Nata, Abuddin =245 1#$$a Metodologi studi islam /$c Prof. Dr. H. Abudin Nata, MA =260 ##$$a Jakarta :$b Raja Grafindo Persada,$c 2004 =300 ##$$a xii, 482 hlm, ; $c 20 x 13 cm =650 #4$$a Islam =850 ##$$a NBPNMAT =020 ##$$a 979-421-706-9 =084 ##$$a 2x0.000 7 NAT m =990 ##$$a 20611907 =990 ##$$a 20611906 =990 ##$$a 20611905 =990 ##$$a 20611905 =990 ##$$a 20611907 =990 ##$$a 20611906